=LDR 00000nam 2200000 4500 =001 INLIS000000000013208 =005 20130612104633 =008 ***********************************Ind** =035 ##$$0010-061300000013208 =041 ##$$a Ind =082 ##$$a 615.5 =090 ##$$a 615.5, Mor m =100 ##$$a Morgan II, Lyle W =245 ##$$a Mengobati cedera olahraga secara alamiah (pengobatan dengan metode Homeopatik), Lyle W.Morgan II, phd,HMD ; alih bahasa, dr. Wendra Ali =260 ##$$a 2002 $b Jakarta =300 ##$$a 122 hlm, 21 cm =850 ##$$a NBPNMAT